Anglo - American cataloguing rules : prepared under the direction of the Joint Steering Committee for revision of AACR, a committee of the American Library Association...[ et al.]

Bibliographic Details
Corporate Authors: American Library Association, Joint Steering Committee for Revision of AACR
Format: Book
Published: London : The Library Association , 2003
Edition:2nd ed., 2002 revision, 2003 Update
Subjects:

MARC

LEADER 00000cam a2200000 7i4500
001 0000019605
005 20070626.0
020 |a 0838935311 
040 |a INS 
090 0 0 |a Z694.15.A56   |b A53 2002 
245 0 0 |a Anglo - American cataloguing rules :   |b prepared under the direction of the Joint Steering Committee for revision of AACR, a committee of the American Library Association...[ et al.] 
250 |a 2nd ed., 2002 revision, 2003 Update 
260 |a London :   |b The Library Association ,   |c 2003 
300 |a 1 v. (various pages) ;   |c 30 cm. 
500 |a Includes index 
650 0 0 |a Descriptive cataloging   |x Rules 
710 1 |a American Library Association 
710 1 |a Joint Steering Committee for Revision of AACR 
999 |a 0000018788   |b BOOK   |c Open Shelf   |e Default branch 
999 |a 0000018789   |b BOOK   |c Open Shelf   |e Default branch